| 000 | 03074cam a2200469 a 4500 | ||
|---|---|---|---|
| 001 | 13268647 | ||
| 003 | OSt | ||
| 005 | 20240713172500.0 | ||
| 008 | 030710m20032004mauab b 001 0 eng | ||
| 010 | _a 2003058963 | ||
| 020 | _a1590300254 (v. 1 : alk. paper) | ||
| 020 | _a1590300262 (v. 2 : alk. paper) | ||
| 020 | _a1590300270 (v. 3 : alk. paper) | ||
| 020 | _a1590300289 (v. 4 : alk. paper) | ||
| 020 | _a1590300297 (v. 5 : alk. paper) | ||
| 020 | _a1590300300 (v. 6 : alk. paper) | ||
| 020 | _a1590300319 (v. 7 : alk. paper) | ||
| 020 | _a1590300327 (v. 8 : alk. paper) | ||
| 020 |
_a9781611803907 _q(v. 9 : alk. paper) |
||
| 020 | _a9781611803914 (v. 10 : alk. paper) | ||
| 040 |
_aDLC _cDLC _dDLC |
||
| 050 | 0 | 0 |
_aBQ4302 _b.T77 2003 |
| 082 | 0 | 0 |
_a294.3/420423 _222 |
| 100 | 1 |
_aTrungpa, Chögyam, _d1939-1987. |
|
| 240 | 1 | 0 |
_aWorks. _f2003 |
| 245 | 1 | 4 |
_aThe collected works of Chögyam Trungpa / _cedited by Carolyn Rose Gimian. |
| 250 | _a1st ed. | ||
| 260 |
_aBoston, MA ; _aLondon : _bShambhala, _c2003-2004. |
||
| 300 |
_a10 v. : _billustrated, maps ; _c24 cm. |
||
| 336 |
_2rdacontent _atext _btxt |
||
| 337 |
_2rdamedia _aunmediated _bn |
||
| 338 |
_2rdacarrier _avolume _bnc |
||
| 504 | _aIncludes bibliographical references and index. | ||
| 505 | 0 | _av. 1. Born in Tibet ; Meditation in action ; Mudra ; Selected writings -- v. 2. The path is the goal ; Training the mind and cultivating loving-kindness ; Glimpses of abhidharma ; Glimpses of shunyata ; Glimpses of Mahayana ; Selected writings -- v. 3. Cutting through spiritual materialism ; The myth of freedom ; The heart of the Buddha ; Selected writings -- v. 4. Journey without goal ; The lion's roar ; The dawn of tantra ; An interview -- v. 5. Crazy wisdom ; Illusion's game : the life and teachings of Naropa ; The life of Marpa the translator (excerpts) ; The rain of wisdom (excerpts) -- The sadhana of Mahamudra (excerpts) ; selected writings -- v. 6. Glimpses of space ; Orderly chaos : the Mandala principle ; Secret beyond thought ; The Tibetan book of the dead : commentary ; Transcending madness : the experience of the six bardos ; Selected writings -- v. 7. The art of calligraphy (excerpts) ; Dharma art ; Visual dharma (excerpts) ; Selected poems ; Selected writings -- v. 8. Shambhala : the sacred path of the warrior ; Great eastern sun : the wisdom of shambhala ; Selected writings -- v. 9. True command ; Glimpses of realization ; The Shambhala Warrior slogans, The teacup and the skullcup ; Smile at Fear ; The mishap lineage ; Selected writings -- v. 10. Work, Sex, Money ; Mindfulness in action ; Devotion and crazy wisdom ; Selected writings. | |
| 650 | 0 |
_aSpiritual life _xBuddhism. |
|
| 650 | 0 |
_aBuddhism _xDoctrines. |
|
| 700 | 1 | _aGimian, Carolyn Rose. | |
| 856 | 4 | 2 |
_3Publisher description _uhttp://www.loc.gov/catdir/description/random052/2003058963.html |
| 856 | 4 | 2 |
_3Contributor biographical information _uhttp://www.loc.gov/catdir/enhancements/fy0661/2003058963-b.html |
| 906 |
_a7 _bcbc _corignew _d1 _eocip _f20 _gy-gencatlg |
||
| 942 |
_2LCS _cBOOK _n0 |
||
| 999 |
_c2238 _d2238 |
||